| 000 | 00409nam a2200145 4500 | ||
|---|---|---|---|
| 001 | 131573 | ||
| 003 | ES-MaACL | ||
| 007 | t| | ||
| 008 | 070214s1954 sp r ||||1| spa d | ||
| 100 | 1 |
_aRodrÃguez-Arias Bustamante, Lino. _998352 |
|
| 245 | 1 | 3 |
_aLa tutela / _cLino RodrÃguez-Arias Bustamante. |
| 260 |
_aBarcelona : _bBosch, _c1954. |
||
| 300 |
_a330 p. ; _c23 cm. |
||
| 852 |
_aES-MaACL _jC-8123 _bR.36217 |
||
| 999 |
_c131573 _d131573 |
||